000 01183naa a22002897a 4500
001 BR9212550
003 BR-BrBNA
005 20240918181652.0
007 ta
008 230509b bl.||||| |||| 00| 0 por d
040 _aBR-BrBNA
_bpor
_cBiblioteca Nacional de Agricultura
041 _a(Pt)
072 _aF06
090 _aF06 BR9212550
100 1 _aValdes, C.
111 1 _aSeminario Internacional Modernizacao Agricola e Emprego: o Caso do Desenvolvimento da Cultura Irrigada no Brasil
_cBrasilia, DF (Brazil)
_dJun 1989
245 1 _aConsideracoes sobre a irrigacao no Chile
260 3 _aBrasilia, DF (Brasil):
_c1989.
500 _aAnais do Seminario Internacional Modernizacao Agricola e Emprego: o Caso do Desenvolvimento da Cultura Irrigada no Brasil Brasilia, DF (Brasil): 1989. p. 87-97 (BR9212550-AM)F06
650 _aIrrigacao
650 _aMao-de-Obra
650 _aTrabalho
650 _aChile
773 0 _tAnais do Seminario Internacional Modernizacao Agricola e Emprego: o Caso do Desenvolvimento da Cultura Irrigada no Brasil
_wF06 BR9212550
_gBrasilia, DF (Brasil), 1989. p. 87-97
909 _a202404
_bLucia
_c55
_dLucia Elande
942 _cAM
_2AGRIS
999 _c326321
_d326321